[Event "Bergen Chess International"]
[Site "Bergen NOR"]
[Date "2001.08.07"]
[EventDate "2001.08.04"]
[Round "4"]
[Result "1-0"]
[White "Kjetil A Lie"]
[Black "Norbert Sprotte"]
[WhiteElo "2347"]
[BlackElo "2240"]
[PlyCount "107"]

1. e4 e6 2. d4 d5 3. e5 c5 4. c3 Nc6 5. Nf3 Qb6 6. a3 c4
7. Nbd2 Na5 8. Be2 Bd7 9. h4 Ne7 10. Rb1 Bc6 11. h5 h6 12. Nf1
Qb3 13. Qxb3 Nxb3 14. Be3 Ba4 15. g4 Na5 16. Bd1 Bxd1 17. Kxd1
Nec6 18. Kc2 Nb3 19. N1d2 Nxd2 20. Nxd2 b6 21. f4 O-O-O 22. f5
f6 23. exf6 gxf6 24. fxe6 Re8 25. Rbe1 Rxe6 26. Bf2 Rxe1
27. Rxe1 Kd7 28. Nf1 Bd6 29. Ne3 Ne7 30. Bh4 Rf8 31. Rf1 Ke6
32. b3 cxb3+ 33. Kxb3 Rf7 34. a4 Nc6 35. Re1 Bf8 36. Kc2 Rd7
37. Kd3 Ne7 38. c4 dxc4+ 39. Nxc4+ Kf7 40. Rf1 Ke8 41. Bxf6
Nc6 42. Re1+ Kf7 43. Ne5+ Nxe5+ 44. Bxe5 Rd5 45. Rf1+ Ke8
46. Rc1 Ra5 47. Rc4 Kd7 48. Ke4 Bd6 49. Kf5 b5 50. axb5 Rxb5
51. Kg6 Bxe5 52. dxe5 Rb6+ 53. Kg7 a5 54. Kf7 1-0

[Event "Bergen Chess International"]
[Site "Bergen NOR"]
[Date "2001.08.07"]
[EventDate "2001.08.04"]
[Round "4"]
[Result "0-1"]
[White "Hans Krogh Harestad"]
[Black "Henrik Sorensen"]
[WhiteElo "2196"]
[BlackElo "2245"]
[PlyCount "80"]

1. d4 Nf6 2. c4 g6 3. Nc3 Bg7 4. e4 d6 5. f3 O-O 6. Nge2 e5
7. Be3 Nfd7 8. Qd2 f5 9. exf5 gxf5 10. dxe5 Nxe5 11. Nf4 Nbc6
12. O-O-O Nf7 13. Nh5 Bh8 14. c5 Qh4 15. Nf4 Nce5 16. Ncd5 c6
17. Nc7 Rb8 18. cxd6 b6 19. Nce6 Re8 20. Nd4 Rd8 21. Qc2 Rxd6
22. Nxf5 Bxf5 23. Qxf5 Rxd1+ 24. Kxd1 Rd8+ 25. Kc2 Qe1 26. Bc4
Qxe3 27. Qg5+ Bg7 28. Qxd8+ Bf8 29. Bxf7+ Kxf7 30. Qd2 Qxd2+
31. Kxd2 Bh6 32. Ke3 Nc4+ 33. Ke4 Nd6+ 34. Ke5 Nc4+ 35. Kf5
Nxb2 36. Rc1 Bxf4 37. Rc2 Nd3 38. Rc3 Nb4 39. a3 Nd5 40. Rc4
Ne3+ 0-1

[Event "Bergen Chess International"]
[Site "Bergen NOR"]
[Date "2001.08.07"]
[EventDate "2001.08.04"]
[Round "4"]
[Result "1-0"]
[White "Miitrei Sorsa"]
[Black "Hans Olav Lahlum"]
[WhiteElo "2111"]
[BlackElo "2227"]
[PlyCount "81"]

1. c4 e6 2. g3 d5 3. Bg2 c6 4. Nf3 Nf6 5. O-O dxc4 6. Qc2 b5
7. b3 cxb3 8. axb3 Bb7 9. d4 Be7 10. Bb2 Nbd7 11. Ne1 Qb6
12. Nd3 O-O 13. Nd2 Nd5 14. Ne4 Nb4 15. Nxb4 Bxb4 16. Rfc1 Be7
17. Nc5 Nxc5 18. dxc5 Qc7 19. Qe4 Bf6 20. Bxf6 gxf6 21. Qg4+
Kh8 22. Qh4 Qe5 23. f4 Qd4+ 24. Kh1 Rfd8 25. e3 Qb2 26. Rab1
Qd2 27. Qxf6+ Kg8 28. Qg5+ Kf8 29. Qh6+ Ke7 30. f5 exf5
31. Rf1 Qc2 32. Qg5+ Ke8 33. Qg8+ Ke7 34. Qg5+ Ke8 35. Rbc1
Qxb3 36. Qxf5 Qe6 37. Qxh7 Qg6 38. Qh8+ Ke7 39. Qe5+ Qe6
40. Rxf7+ Kxf7 41. Rf1+ 1-0

[Event "Bergen Chess International"]
[Site "Bergen NOR"]
[Date "2001.08.07"]
[EventDate "?"]
[Round "4"]
[Result "0-1"]
[White "Alexander Flaata"]
[Black "Kevin White"]
[WhiteElo "2097"]
[BlackElo "2075"]
[Source "Bergensjakk"]
[PlyCount "86"]

1. e4 c5 2. Nf3 d6 3. Nc3 Nf6 4. d4 cxd4 5. Nxd4 a6 6. Bg5 e6 7. Qd2 Be7 8.
O-O-O Qc7 9. g4 Bd7 10. Bg2 Nc6 11. Nxc6 Bxc6 12. Bxf6 gxf6 13. f4 Rg8 14. h3
O-O-O 15. Kb1 Kb8 16. f5 Qb6 17. Rhg1 Rc8 18. Ne2 Ba4 19. Rc1 Rc5 20. c3 Rcc8
21. Nd4 Bd7 22. Qh6 e5 23. Ne2 Bb5 24. Ng3 d5 25. exd5 Bc5 26. Rge1 Bd3+ 27.
Ka1 Bf2 28. Ne4 Bxe1 29. Rxe1 Bxe4 30. Bxe4 Qf2 31. Rb1 Qf4 32. Qxf4 exf4 33.
Rf1 Rge8 34. Bc2 Re2 35. Bb3 Rce8 36. Kb1 Re1+ 37. Rxe1 Rxe1+ 38. Kc2 f3 39.
Kd2 f2 40. Bc4 f1=Q 41. Bxf1 Rxf1 42. d6 Kc8 43. Ke2 Rb1 0-1

[Event "Bergen Chess International"]
[Site "Bergen NOR"]
[Date "2001.08.08"]
[EventDate "2001.08.04"]
[Round "5"]
[Result "1-0"]
[White "Svein Johannessen"]
[Black "Hallvard Voll Adnoy"]
[WhiteElo "2269"]
[BlackElo "2197"]
[PlyCount "105"]

1. Nf3 d5 2. b3 Bf5 3. Bb2 Nd7 4. g3 Ngf6 5. Bg2 e6 6. O-O Bd6
7. d3 O-O 8. Nbd2 c6 9. Qe1 Bg6 10. e4 Bc5 11. e5 Ng4 12. h3
Nh6 13. Nh4 Nf5 14. Nxf5 Bxf5 15. Nf3 Qb6 16. Qd2 Rad8 17. Kh2
h6 18. Rae1 Bh7 19. Re2 Kh8 20. Bc3 Ra8 21. Ba5 Qa6 22. a4 Rg8
23. Bb4 Bf8 24. Bxf8 Rgxf8 25. Nh4 Qb6 26. f4 f5 27. exf6 Rxf6
28. Rfe1 Bg8 29. Nf3 Qc7 30. h4 Raf8 31. Ne5 Nb8 32. Bh3 Qd6
33. h5 Na6 34. Ng6+ Rxg6 35. hxg6 Nc7 36. d4 c5 37. Qe3 b6
38. Qe5 Qc6 39. dxc5 bxc5 40. c3 Rf6 41. b4 Rxg6 42. bxc5 Qxc5
43. Qd4 Qc6 44. Qxa7 Qxc3 45. Re3 Qc2+ 46. R1e2 Qc4 47. Rd2
Rf6 48. Qd4 Qa6 49. Rb3 Rf8 50. Rb6 Qa8 51. Rdb2 Kh7 52. Bf1
Ne8 53. Bd3+ 1-0

[Event "Bergen Chess International"]
[Site "Bergen NOR"]
[Date "2001.08.08"]
[EventDate "2001.08.04"]
[Round "5"]
[Result "1-0"]
[White "Evgenij Romanovich Agrest"]
[Black "Stellan Brynell"]
[WhiteElo "2529"]
[BlackElo "2486"]
[PlyCount "133"]

1. Nf3 c5 2. e4 d6 3. d4 cxd4 4. Nxd4 Nf6 5. f3 g6 6. c4 Bg7
7. Be3 O-O 8. Be2 Nc6 9. Qd2 Nxd4 10. Bxd4 Nd7 11. Be3 a5
12. Nc3 Nc5 13. Rb1 Bd7 14. b3 Bc6 15. O-O Qb6 16. Rfc1 Rfc8
17. Rc2 Qd8 18. Bf1 h5 19. Rd1 Qb6 20. Rb1 Qd8 21. Qe1 Be5
22. Rd1 Qb6 23. Nb5 Bxb5 24. cxb5 Qa7 25. Bc4 Qb8 26. f4 Bf6
27. e5 dxe5 28. Bxc5 Rxc5 29. Bxf7+ Kxf7 30. Rxc5 exf4 31. Kh1
Qa7 32. Rc4 Qb6 33. a4 g5 34. Qe2 h4 35. Qd3 Kg7 36. h3 Rf8
37. Qd5 Qe3 38. Qf3 Qb6 39. Rd7 Qe6 40. Rd1 Qb6 41. Qd3 Be5
42. Qe4 Bf6 43. Qd5 Qe3 44. Rc7 b6 45. Qf3 Qe5 46. Rc6 Rb8
47. Kh2 Kf8 48. Kg1 Kg7 49. Kh1 Kf8 50. Rc2 Kg7 51. Re2 Qc5
52. Re6 Qc2 53. Qd3 Qf2 54. Qe4 Re8 55. Qc6 Rf8 56. Qf3 Qc5
57. Rc6 Qf5 58. Rxb6 e5 59. Rb7+ Kg6 60. Qc6 e4 61. Rd5 Qc8
62. Rc7 Qe8 63. Rdd7 Qe5 64. Re7 Qf5 65. Rg7+ Kh6 66. Qd6 f3
67. Rh7+ 1-0

[Event "Bergen Chess International"]
[Site "Bergen NOR"]
[Date "2001.08.08"]
[EventDate "2001.08.04"]
[Round "5"]
[Result "1/2-1/2"]
[White "Paal Vegard Hagesaether"]
[Black "Tatjana Georgieva Plachkinova"]
[WhiteElo "2250"]
[BlackElo "2190"]
[PlyCount "158"]

1. c4 e5 2. g3 Nc6 3. Bg2 f5 4. Nc3 Nf6 5. e3 g6 6. Nge2 Bg7
7. Rb1 O-O 8. b4 d6 9. d3 Rb8 10. Qa4 Be6 11. b5 Ne7 12. Ba3
g5 13. f4 Ng4 14. Kd2 h6 15. h3 Nf6 16. Bb4 exf4 17. gxf4 Re8
18. Qxa7 d5 19. c5 Ng6 20. fxg5 hxg5 21. Nd4 f4 22. Nce2 fxe3+
23. Kc2 Ra8 24. Qxb7 Rxa2+ 25. Kb3 Bc8 26. Qc6 Ne5 27. Qxe8+
Qxe8 28. Kxa2 Nxd3 29. Rhf1 Qe5 30. Kb3 Ne4 31. Bxe4 Qxe4
32. Bc3 Nxc5+ 33. Ka2 Bxh3 34. Rg1 g4 35. b6 cxb6 36. Rxb6 Na4
37. Rb8+ Kh7 38. Ba1 Qd3 39. Rb3 Qd2+ 40. Ka3 Qa5 41. Rb5 Bf8+
42. Kb3 Nc5+ 43. Kc2 Qa2+ 44. Rb2 Qc4+ 45. Kb1 Ne4 46. Rb7+
Kg8 47. Rb8 Nd2+ 48. Kb2 Qd3 49. Rc1 Nc4+ 50. Ka2 Bg2 51. Bc3
Qh7 52. Nc6 Qd7 53. Ned4 Ne5 54. Bb4 Ng6 55. Re1 Kg7 56. Bxf8+
Nxf8 57. Rxe3 Be4 58. Ra3 Qf7 59. Ra7 Nd7 60. Rbb7 Qf2+
61. Rb2 Qf7 62. Nb8 Kh6 63. Rxd7 Qf6 64. Nbc6 g3 65. Re7 Qf1
66. Ne2 g2 67. Ncd4 g1=Q 68. Nxg1 Qc4+ 69. Rb3 Qxd4 70. Re6+
Kh5 71. Nh3 Qd2+ 72. Ka3 Qc1+ 73. Ka2 Qc2+ 74. Ka3 Qc5+
75. Kb2 Qd4+ 76. Ka3 Bc2 77. Rbe3 Qa1+ 78. Kb4 Qa4+ 79. Kc5
Qc4+ 1/2-1/2

[Event "Bergen Chess International"]
[Site "Bergen NOR"]
[Date "2001.08.08"]
[EventDate "2001.08.04"]
[Round "5"]
[Result "1-0"]
[White "Preben Andersen"]
[Black "Mark Weighell"]
[WhiteElo "2041"]
[BlackElo "2119"]
[PlyCount "141"]

1. d4 Nf6 2. Nf3 b6 3. Bf4 Bb7 4. e3 e6 5. Be2 Be7 6. h3 Ne4
7. Nbd2 d6 8. Nxe4 Bxe4 9. O-O Nd7 10. c3 O-O 11. Nd2 Bg6
12. Bg3 e5 13. Bf3 Rb8 14. Qa4 Bd3 15. Rfe1 f5 16. Bc6 b5
17. Qb3+ Kh8 18. Bxd7 f4 19. exf4 exf4 20. Bh2 Qxd7 21. Qe6
Qxe6 22. Rxe6 Bf6 23. Bxf4 Bxd4 24. cxd4 Rxf4 25. Rae1 Rbf8
26. Nf3 R4f7 27. Re7 h6 28. R1e3 Bc4 29. b3 Bd5 30. Kf1 g5
31. Ke2 Kg7 32. a3 Kf6 33. Rxf7+ Rxf7 34. b4 Bc4+ 35. Ke1 Re7
36. Nd2 Bd5 37. Rxe7 Kxe7 38. f3 Ke6 39. Kf2 Bc4 40. Ke3 Kf5
41. g4+ Ke6 42. Ke4 Kf6 43. d5 Ba2 44. Kd4 Bc4 45. a4 Be2
46. a5 Bd1 47. Ne4+ Ke7 48. Ke3 Bb3 49. Nc3 Bc4 50. Ke4 Bf1
51. f4 gxf4 52. h4 c5 53. dxc6 Bg2+ 54. Kxf4 Bxc6 55. g5 hxg5+
56. hxg5 Kf7 57. Ne4 d5 58. Nc5 Kg6 59. Ke5 Kxg5 60. Ne6+ Kg4
61. Nd4 Be8 62. Kxd5 Kf4 63. Kc5 a6 64. Nc6 Bxc6 65. Kxc6 Ke5
66. Kb6 Kd6 67. Kxa6 Kc6 68. Ka7 Kc7 69. a6 Kc6 70. Kb8 Kb6
71. a7 1-0

[Event "Bergen Chess International"]
[Site "Bergen NOR"]
[Date "2001.08.08"]
[EventDate "2001.08.04"]
[Round "5"]
[Result "0-1"]
[White "Terje Karlsen"]
[Black "Bosse Lindberg"]
[WhiteElo "2068"]
[BlackElo "2248"]
[PlyCount "120"]

1. e4 c5 2. c3 d5 3. exd5 Qxd5 4. d4 Nf6 5. Nf3 Bg4 6. Be2 e6
7. h3 Bh5 8. O-O Nc6 9. Be3 cxd4 10. cxd4 Be7 11. Nc3 Qd6
12. Qb3 Qb4 13. Qxb4 Bxb4 14. Rfd1 Rd8 15. Rac1 O-O 16. g4 Bg6
17. Nh4 Ne7 18. Nxg6 hxg6 19. Bf3 Rd7 20. g5 Nfd5 21. Nxd5
Nxd5 22. Bxd5 exd5 23. Rc2 Ba5 24. Kf1 Bb6 25. Ke2 Re8 26. Kd3
f6 27. Rdc1 Kf7 28. Rc8 Rdd8 29. Rxd8 Rxd8 30. b4 Rd7 31. Rc8
Rd8 32. Rc1 Ke6 33. a4 Rd7 34. a5 Bc7 35. Bd2 Bd6 36. b5 Rc7
37. a6 Rxc1 38. Bxc1 bxa6 39. bxa6 Kd7 40. Kc3 Kc6 41. Kb3 Kb5
42. gxf6 gxf6 43. Bh6 Kxa6 44. Ka4 Kb6 45. Bg7 Be7 46. Bh6 Bd8
47. f3 Kc6 48. Bg7 Kd7 49. Kb5 Ke6 50. Bh6 g5 51. f4 gxf4
52. Bxf4 Kf5 53. Bd6 Bb6 54. Bc5 Ke6 55. Kb4 a5+ 56. Kc3 Bd8
57. h4 Kf5 58. Kd3 Kg4 59. Ke3 f5 60. h5 Bg5+ 0-1

[Event "Bergen Chess International"]
[Site "Bergen NOR"]
[Date "2001.08.08"]
[EventDate "2001.08.04"]
[Round "5"]
[Result "0-1"]
[White "Henrik Sorensen"]
[Black "Stig Gabrielsen"]
[WhiteElo "2245"]
[BlackElo "2280"]
[PlyCount "92"]

1. c4 e5 2. Nc3 Nc6 3. d3 f5 4. g3 Nf6 5. Bg2 Bc5 6. a3 a5
7. e4 d6 8. Nge2 O-O 9. O-O Qe8 10. Be3 fxe4 11. Nxe4 Nxe4
12. Bxe4 Bh3 13. Bg2 Bxg2 14. Kxg2 e4 15. d4 Ba7 16. Qd2 Qf7
17. Rac1 Ne7 18. b4 axb4 19. axb4 Qf3+ 20. Kg1 Qg4 21. Nf4 Kh8
22. Qd1 Qd7 23. Ra1 Nf5 24. Ra5 Bb6 25. Rxa8 Rxa8 26. c5 Ba7
27. Qc2 Re8 28. Ra1 Bb8 29. Ra8 c6 30. Ne2 d5 31. Qa4 h6
32. b5 Kh7 33. bxc6 bxc6 34. Ra6 Rc8 35. Rb6 h5 36. Bg5 h4
37. Qd1 Qf7 38. gxh4 Qh5 39. Qd2 Qg4+ 40. Ng3 e3 41. Qe2 exf2+
42. Qxf2 Nxg3 43. hxg3 Bxg3 44. Qc2+ Kg8 45. Kh1 Re8 46. Rb1
Re2 0-1

[Event "Bergen Chess International"]
[Site "Bergen NOR"]
[Date "2001.08.08"]
[EventDate "2001.08.04"]
[Round "5"]
[Result "0-1"]
[White "Dennis Wallin"]
[Black "Ragnar Edvardsen"]
[WhiteElo "2192"]
[BlackElo "2023"]
[PlyCount "86"]

1. d4 Nf6 2. c4 e6 3. Nf3 c5 4. d5 b5 5. dxe6 fxe6 6. cxb5 d5
7. a4 Bd6 8. e3 O-O 9. Nc3 Qe7 10. Bd3 Nbd7 11. b3 Bb7 12. Qe2
Rac8 13. Bd2 Ne4 14. Rc1 Rf7 15. Bb1 Rcf8 16. Rf1 Nxd2
17. Qxd2 Rxf3 18. gxf3 Ne5 19. Qc2 Nxf3+ 20. Ke2 g6 21. Qd3
Qf6 22. Nd1 Nxh2 23. Rg1 e5 24. e4 dxe4 25. Qc4+ Kg7 26. Bxe4
Bxe4 27. Qxe4 Nf3 28. Rh1 Nd4+ 29. Ke1 Nxb3 30. Rc3 Nd4
31. Qe3 h5 32. Qe4 Nf3+ 33. Ke2 Nd4+ 34. Kf1 Nf3 35. Ke2 Ng5
36. Qb7+ Rf7 37. Qd5 e4 38. Ra3 c4 39. Re3 Be5 40. Rg1 Nf3
41. Rg2 c3 42. Nxc3 Bxc3 43. Qxh5 Ba5 0-1

[Event "Bergen Chess International"]
[Site "Bergen NOR"]
[Date "2001.08.08"]
[EventDate "2001.08.04"]
[Round "5"]
[Result "1-0"]
[White "Arn Tore Haugsdal"]
[Black "Anita Gronnestad"]
[WhiteElo "2144"]
[BlackElo "2007"]
[PlyCount "57"]

1. e4 e5 2. Nf3 Nf6 3. Bc4 Nc6 4. O-O Be7 5. d4 d6 6. d5 Nb8
7. Bd3 Bg4 8. h3 Bh5 9. c4 Nbd7 10. Nc3 Nc5 11. Bc2 a5 12. a3
O-O 13. Be3 Qd7 14. Kh1 Ncxe4 15. Nxe4 Nxe4 16. Bxe4 f5
17. Bb1 e4 18. Ne5 Qe8 19. g4 dxe5 20. gxh5 f4 21. Bd2 Qd7
22. Qg4 Qa4 23. Rg1 Rf7 24. Bxe4 Qxc4 25. f3 Bc5 26. Rg2 a4
27. h6 Qa6 28. hxg7 Bd4 29. Bxh7+ 1-0

[Event "Bergen Chess International"]
[Site "Bergen NOR"]
[Date "2001.08.08"]
[EventDate "2001.08.04"]
[Round "5"]
[Result "0-1"]
[White "Stig K Martinsen"]
[Black "Detlef Pluemer"]
[WhiteElo "2076"]
[BlackElo "2168"]
[PlyCount "84"]

1. b3 Nf6 2. Bb2 d6 3. e3 Nbd7 4. Ne2 g6 5. g3 Bg7 6. Bg2 O-O
7. c4 e5 8. O-O Re8 9. d4 c6 10. Nbc3 e4 11. Qc2 Qe7 12. b4 h5
13. b5 Nb6 14. bxc6 bxc6 15. c5 dxc5 16. Ba3 Bf5 17. Bxc5 Qd7
18. Rfb1 Nbd5 19. Rb2 Bh3 20. Bh1 Qf5 21. Nf4 Bg4 22. Bg2 g5
23. Nfxd5 cxd5 24. Nb5 Red8 25. Bxa7 Bh3 26. Bh1 h4 27. Bc5
Bf8 28. Bxf8 Kxf8 29. Qc5+ Kg7 30. Nd6 Qe6 31. Nb7 Rd7 32. Qc3
Qf5 33. Nc5 Rda7 34. a4 Bg4 35. Qe1 Rh8 36. Bg2 Bf3 37. Bf1
Rh6 38. Rb6 hxg3 39. fxg3 Rxh2 40. Kxh2 Qh7+ 41. Bh3 Ng4+
42. Kg1 Qxh3 0-1

[Event "Bergen Chess International"]
[Site "Bergen NOR"]
[Date "2001.08.08"]
[EventDate "2001.08.04"]
[Round "5"]
[Result "0-1"]
[White "Flemming Christenson"]
[Black "Stig Tjomsland"]
[WhiteElo "2218"]
[BlackElo "2269"]
[PlyCount "96"]

1. d4 Nf6 2. Nf3 b6 3. e3 Bb7 4. Bd3 g6 5. O-O Bg7 6. c4 O-O
7. Nc3 d5 8. cxd5 Nxd5 9. e4 Nxc3 10. bxc3 c5 11. Be3 cxd4
12. cxd4 Nc6 13. Qa4 Qd6 14. Rfd1 Qb4 15. Bb5 Qxa4 16. Bxa4
Na5 17. e5 Nc4 18. Bb3 Nxe3 19. fxe3 e6 20. Rac1 Bh6 21. Kf2
Rfc8 22. h4 b5 23. Nh2 Bf8 24. Ng4 Ba3 25. Nf6+ Kg7 26. Rxc8
Rxc8 27. d5 Rd8 28. d6 Bb2 29. Ng4 h5 30. Rb1 Bc3 31. Rc1 b4
32. Rxc3 bxc3 33. Nf6 Bd5 34. Ke2 Bxb3 35. axb3 c2 36. Kd2
Rxd6+ 37. exd6 Kxf6 38. Kxc2 e5 39. Kc3 Ke6 40. Kc4 Kxd6
41. Kb5 Kd5 42. b4 e4 43. Ka6 Kc4 44. b5 f6 45. Ka5 g5 46. g3
gxh4 47. gxh4 f5 48. Ka6 f4 0-1

[Event "Bergen Chess International"]
[Site "Bergen NOR"]
[Date "2001.08.08"]
[EventDate "2001.08.04"]
[Round "5"]
[Result "1-0"]
[White "Linus Olsson"]
[Black "Thomas Johansson"]
[WhiteElo "2196"]
[BlackElo "2250"]
[PlyCount "81"]

1. d4 g6 2. e4 Bg7 3. c4 d6 4. Nc3 f5 5. exf5 Bxf5 6. Nf3 Na6
7. Be2 c5 8. O-O Nf6 9. h3 O-O 10. Be3 Rc8 11. Rc1 Bd7 12. Qd2
cxd4 13. Nxd4 Nc7 14. b3 a6 15. Rfe1 e5 16. Nc2 Bc6 17. Red1
Nce8 18. Nb4 Qe7 19. Nbd5 Nxd5 20. Nxd5 Qf7 21. c5 Bxd5
22. Qxd5 Qxd5 23. Rxd5 dxc5 24. Rcxc5 Nf6 25. Rxe5 Rcd8
26. Re7 b6 27. Rcc7 Ne8 28. Ra7 b5 29. Rxa6 Bf6 30. Rb7 Nd6
31. Rbb6 Be5 32. f4 Nf5 33. fxe5 Nxe3 34. Rb7 Rd2 35. Raa7
Rfd8 36. Rg7+ Kh8 37. Rxh7+ Kg8 38. Rhg7+ Kh8 39. Rh7+ Kg8
40. Rag7+ Kf8 41. e6 1-0

[Event "Bergen Chess International"]
[Site "Bergen NOR"]
[Date "2001.08.08"]
[EventDate "2001.08.04"]
[Round "5"]
[Result "0-1"]
[White "Petter Glenne Stokstad"]
[Black "John Arni Nilssen"]
[WhiteElo "2195"]
[BlackElo "2333"]
[PlyCount "96"]

1. d4 Nf6 2. c4 e6 3. Nf3 b6 4. Nc3 Bb4 5. Bg5 Bb7 6. e3 h6
7. Bh4 g5 8. Bg3 Bxc3+ 9. bxc3 d6 10. Nd2 Qe7 11. f3 Nbd7
12. Be2 Nh5 13. Bf2 f5 14. h4 O-O-O 15. Qa4 Kb8 16. hxg5 hxg5
17. O-O-O Rdg8 18. Rdg1 Ndf6 19. c5 dxc5 20. Nc4 Nd5 21. Kc2
cxd4 22. cxd4 Rf8 23. Kb2 Nhf6 24. Ne5 Rxh1 25. Rxh1 c6
26. Rc1 b5 27. Qa3 Qxa3+ 28. Kxa3 a6 29. Nd3 f4 30. e4 Nc7
31. Rh1 Rg8 32. Rh6 Nd7 33. Be1 e5 34. Rd6 Kc8 35. dxe5 Re8
36. g3 Nxe5 37. gxf4 Nc4+ 38. Kb4 Nxd6 39. fxg5 Nxe4 40. f4
Nd5+ 41. Ka3 Ne3 42. Kb2 Nxg5 43. fxg5 Nc4+ 44. Kc3 Rxe2
45. Bg3 Rg2 46. Bf4 Rg4 47. Kd4 c5+ 48. Kxc5 Be4 0-1

[Event "Bergen Chess International"]
[Site "Bergen NOR"]
[Date "2001.08.08"]
[EventDate "2001.08.04"]
[Round "5"]
[Result "1-0"]
[White "Throstur Thorhallsson"]
[Black "Geir Sune Tallaksen Ostmoe"]
[WhiteElo "2456"]
[BlackElo "2239"]
[PlyCount "83"]

1. e4 e5 2. Nf3 Nc6 3. Bc4 Nf6 4. Qe2 Be7 5. c3 O-O 6. d3 d6
7. h3 Na5 8. Bb5 a6 9. Ba4 b5 10. Bc2 c5 11. Nbd2 Qc7 12. Nf1
Bb7 13. Ne3 Rfe8 14. O-O Bf8 15. Nh2 d5 16. Nhg4 Nxg4 17. Nxg4
Rad8 18. f4 dxe4 19. dxe4 exf4 20. Bxf4 Bd6 21. e5 Qc6 22. Rf3
Bf8 23. Nh6+ Qxh6 24. Bxh6 Bxf3 25. Qxf3 gxh6 26. Rf1 Re7
27. Qf5 Bg7 28. e6 Nb7 29. Qxh7+ Kf8 30. exf7 Rxf7 31. Rxf7+
Kxf7 32. Qg6+ Kf8 33. Qf5+ Kg8 34. Qe6+ Kf8 35. Bh7 Bh8
36. Qxh6+ Ke7 37. Qh4+ Kd7 38. Bf5+ Kc7 39. Qe7+ Kb6 40. Be4
Rb8 41. Bxb7 Rxb7 42. Qd8+ 1-0

[Event "Bergen Chess International"]
[Site "Bergen NOR"]
[Date "2001.08.08"]
[EventDate "2001.08.04"]
[Round "5"]
[Result "1-0"]
[White "Jan Vidar Vestly"]
[Black "Frederic Crapis"]
[WhiteElo "2109"]
[BlackElo "2030"]
[PlyCount "87"]

1. d4 Nf6 2. Nf3 g6 3. Bf4 Bg7 4. h3 O-O 5. e3 b6 6. Nbd2 Bb7
7. Be2 d6 8. O-O Nbd7 9. Bh2 c5 10. c3 Rc8 11. a4 a5 12. Qb3
Qc7 13. Bc4 Bxf3 14. gxf3 e5 15. Rac1 Qb7 16. e4 Bh6 17. Rcd1
Nh5 18. Bd5 Qc7 19. Nc4 Bf4 20. dxc5 Nxc5 21. Qb5 Qe7 22. Nxd6
Qh4 23. Nxf7 Rxf7 24. Bxf7+ Kg7 25. Be6 Bxh2+ 26. Kxh2 Qf4+
27. Kg2 Rf8 28. Bg4 Nf6 29. Qe2 h5 30. b4 Nxa4 31. Qc2 hxg4
32. hxg4 Qxf3+ 33. Kxf3 Nxc3 34. Qxc3 Nd5+ 35. Kg2 Nxc3
36. Rd7+ Kh6 37. bxa5 bxa5 38. f3 Ra8 39. Re1 a4 40. Kg3 a3
41. Kh4 g5+ 42. Kg3 a2 43. Rh1+ Kg6 44. Rdh7 1-0

[Event "Bergen Chess International"]
[Site "Bergen NOR"]
[Date "2001.08.08"]
[EventDate "2001.08.04"]
[Round "5"]
[Result "1-0"]
[White "Rune Myhrvold"]
[Black "Harald Borchgrevink"]
[WhiteElo "2248"]
[BlackElo "2163"]
[PlyCount "129"]

1. e4 c5 2. c3 d6 3. d4 Nf6 4. f3 Qc7 5. Be3 g6 6. Bd3 Bg7
7. Ne2 O-O 8. Nd2 Nc6 9. Nf1 a6 10. Nfg3 b5 11. O-O h5 12. h3
Rb8 13. Rc1 a5 14. Bb1 Nd7 15. Qd2 e5 16. Rfd1 Rd8 17. Bg5 f6
18. Be3 a4 19. a3 Na5 20. Ba2+ c4 21. f4 Bb7 22. h4 Nb6
23. Qe1 Nb3 24. Rb1 d5 25. dxe5 fxe5 26. Qf2 Ba8 27. f5 dxe4
28. fxg6 Rf8 29. Nf5 Nd5 30. Neg3 Nf4 31. Bxb3 axb3 32. Rf1
Rbe8 33. Rbd1 Rf6 34. Rd2 Rxg6 35. Rfd1 Nd3 36. Qe2 Qf7
37. Qxh5 Rf6 38. Qxf7+ Kxf7 39. Bg5 Rfe6 40. Rf1 Kg8 41. Nxg7
Kxg7 42. Nf5+ Kg6 43. Be3 Rg8 44. g4 Kh7 45. g5 Bc6 46. h5 Be8
47. g6+ Kh8 48. Nh6 Nf4 49. Nxg8 Kxg8 50. Bxf4 exf4 51. Rxf4
e3 52. Re2 Bc6 53. Rf7 Re5 54. Kf1 Bd5 55. Rh7 Bf3 56. h6 Bh5
57. Rg7+ Kh8 58. Ke1 Re6 59. Rh7+ Kg8 60. Rg7+ Kh8 61. Rh2 Re5
62. Rb7 Bxg6 63. h7 b4 64. axb4 e2 65. Rb8+ 1-0

[Event "Bergen Chess International"]
[Site "Bergen NOR"]
[Date "2001.08.08"]
[EventDate "2001.08.04"]
[Round "5"]
[Result "1-0"]
[White "Per Erik Manne"]
[Black "Philip Landgren"]
[WhiteElo "2386"]
[BlackElo "2193"]
[PlyCount "117"]

1. d4 d5 2. Nf3 Nc6 3. Bg5 Bg4 4. e3 f6 5. Bh4 e6 6. c4 Bb4+
7. Nc3 Nge7 8. h3 Bh5 9. Bd3 Bg6 10. cxd5 exd5 11. O-O O-O
12. a3 Bxc3 13. bxc3 Na5 14. Bg3 Qd7 15. Bxg6 Nxg6 16. Qd3
Rfe8 17. Nd2 b5 18. a4 a6 19. axb5 axb5 20. e4 c6 21. f3 Nf8
22. Ra2 Nc4 23. Rfa1 Rxa2 24. Rxa2 Nxd2 25. Rxd2 Qe6 26. e5
Nd7 27. f4 f5 28. Ra2 Nf8 29. Qb1 Qe7 30. Qxf5 b4 31. Qc2 Rb8
32. Rb2 c5 33. cxb4 cxb4 34. f5 Qa7 35. Bf2 Qa6 36. Kh2 Qc4
37. Qd2 b3 38. Be1 Nd7 39. Qc3 Rb5 40. Kg3 Nb6 41. Qe3 Nd7
42. Bc3 Rb8 43. Rf2 Re8 44. Qf3 Qc7 45. Qxd5+ Kh8 46. Qxb3 Nf6
47. Re2 h5 48. Kf2 h4 49. Bd2 Nh5 50. Re4 Qe7 51. f6 Nxf6
52. Rxh4+ Nh7 53. Rg4 g5 54. Kg1 Qa7 55. Kh2 Rf8 56. Qg3 Qa1
57. Bxg5 Rf1 58. Bc1 Qa2 59. Bh6 1-0

[Event "Bergen Chess International"]
[Site "Bergen NOR"]
[Date "2001.08.08"]
[EventDate "2001.08.04"]
[Round "5"]
[Result "1-0"]
[White "Joanna Dworakowska"]
[Black "Lars Schandorff"]
[WhiteElo "2350"]
[BlackElo "2551"]
[PlyCount "107"]

1. e4 e5 2. Nf3 Nf6 3. d4 Nxe4 4. Bd3 d5 5. Nxe5 Bd6 6. O-O
Nd7 7. Nxd7 Bxd7 8. c4 c6 9. cxd5 cxd5 10. Qh5 O-O 11. Qxd5
Bc6 12. Qh5 g6 13. Qg4 h5 14. Qh3 Re8 15. Nc3 Bd7 16. Qf3 Bg4
17. Qxe4 Rxe4 18. Bxe4 Qb6 19. Be3 Re8 20. Rfc1 h4 21. h3 Bd7
22. Bf3 Bf5 23. Re1 Qxb2 24. Nd5 Re6 25. Rac1 Kg7 26. Bg5
Rxe1+ 27. Rxe1 Be6 28. Nf6 Qb4 29. Rc1 Be7 30. Ne8+ Kh8
31. Be3 Bd7 32. Nc7 Bd8 33. Nd5 Qa5 34. Nc3 b5 35. d5 Bf6
36. Ne4 Bb2 37. Rd1 Bf5 38. Nc5 Be5 39. d6 Bc2 40. Rd2 Qxa2
41. d7 Bc7 42. d8=Q+ Bxd8 43. Rxd8+ Kh7 44. Bd4 Kh6 45. Bd5
Qa3 46. Rh8+ Kg5 47. Kh2 Qa5 48. Be5 Kf5 49. f4 g5 50. Bxf7
Qe1 51. Be6+ Kg6 52. Rg8+ Kh6 53. fxg5+ Kh7 54. g6+ 1-0

[Event "Bergen Chess International"]
[Site "Bergen NOR"]
[Date "2001.08.08"]
[EventDate "2001.08.04"]
[Round "5"]
[Result "1/2-1/2"]
[White "Aleksei Holmsten"]
[Black "Steffen Pedersen"]
[WhiteElo "2436"]
[BlackElo "2453"]
[PlyCount "52"]

1. e4 c6 2. d4 d5 3. e5 Bf5 4. Nc3 e6 5. g4 Bg6 6. Nge2 c5
7. h4 h5 8. Nf4 Bh7 9. Nxh5 Nc6 10. Be3 cxd4 11. Bxd4 Bxc2
12. Qxc2 Nxd4 13. Qa4+ Nc6 14. Bb5 Nge7 15. Nf6+ gxf6 16. exf6
Qb6 17. fxe7 Bxe7 18. h5 Kf8 19. O-O-O Rc8 20. Kb1 a6 21. Bxc6
Rxc6 22. Qf4 Qd8 23. Rhe1 Bg5 24. Qb4+ Be7 25. Qf4 Bg5
26. Qb4+ Be7 1/2-1/2

[Event "Bergen Chess International"]
[Site "Bergen NOR"]
[Date "2001.08.08"]
[EventDate "2001.08.04"]
[Round "5"]
[Result "1/2-1/2"]
[White "Rune Djurhuus"]
[Black "Pontus Carlsson"]
[WhiteElo "2474"]
[BlackElo "2330"]
[PlyCount "96"]

1. d4 Nf6 2. Nf3 e6 3. e3 b6 4. Bd3 Bb7 5. O-O c5 6. c4 d6
7. Nc3 Nbd7 8. Re1 Be7 9. b3 a6 10. Bb2 O-O 11. d5 exd5
12. cxd5 b5 13. e4 Ng4 14. Nd2 Nge5 15. Bc2 Ng6 16. a4 Bf6
17. Ra2 Re8 18. Bd3 Nf4 19. Bf1 b4 20. Ncb1 Bxb2 21. Rxb2 Qf6
22. Rc2 Qg6 23. Re3 f5 24. Rf3 Qg4 25. Nc4 Ne5 26. Nxe5 Rxe5
27. Qd2 Rxe4 28. h3 Qh4 29. Rc4 Nxd5 30. Rxf5 Ne7 31. g3 Qh6
32. Qxh6 gxh6 33. Rf6 Rxc4 34. Bxc4+ d5 35. Bf1 Rc8 36. Rb6
Rc7 37. Nd2 Kg7 38. Bxa6 Bxa6 39. Rxa6 c4 40. bxc4 dxc4
41. Rb6 c3 42. Nb3 c2 43. Rxb4 c1=Q+ 44. Nxc1 Rxc1+ 45. Kg2
Rc7 46. Rg4+ Kf7 47. Rf4+ Kg7 48. Rg4+ Kf7 1/2-1/2